000 00700nam a22002537a 4500
003 CHAP
005 20220329133939.0
008 971013s1970 r 00010 d
010 _a13075
011 _a14047
035 _a18120
040 _cCHAP
082 _a635.9
_bB38
100 0 0 _aBaur, Robert C.
_910882
245 _aGardens in glass containers
260 _aNew York :
_bHearthside,
_c1970
300 _a161 p.
_b; láms. : ilus.
590 _aBATCH-UPD
_b10
_c20130110
_lUCH01
_h1506
590 _aCONVERSION
_b10
_c20130109
_lUCH01
_h1308
650 1 4 _aFloricultura.
_941822
901 _aBK
942 _cLIBRO
949 _a635.9 B38
_bBC
_cLIBRO
_d33724000253084
_eLIBRO
_h65127
_i18120
_si
999 _c13075
_d13075